| 000 | 00732nam a22002177a 4500 | ||
|---|---|---|---|
| 999 |
_c9685 _d9685 |
||
| 003 | AR-CdUCM | ||
| 008 | 190328b ||||| |||| 00| 0 spa d | ||
| 040 |
_aMUNICIPALIDAD PROVINCIAL DEL CUSCO _cBIBLIOTECA MUNICIPAL DEL CUSCO |
||
| 082 |
_a869.56 / _bP77 / 1950 |
||
| 100 |
_aPuente, José Felix de la _9543 |
||
| 245 |
_aEvaristo Buendía : _bNovela / |
||
| 260 |
_aBuenos Aires : _bEdit. Losada, _c1950. |
||
| 300 |
_a242 paginas ; _c21 cm. |
||
| 500 | _aPremio Ricardo Palma, para novelas, en el Concurso Nacional Pro Cultura de Lima, 1945. | ||
| 505 | _aContenido :Novela / | ||
| 650 |
_aLiteratura peruana _9169 |
||
| 650 |
_aNovela de costumbres _910717 |
||
| 650 |
_aSiglo XX _98 |
||
| 942 |
_2ddc _cLIBROS |
||
| 945 | _arjall | ||